000 00302 a2200133 4500
000 nam a22 7a 4500
100 _aPillai, R S N
110 _aPillai, R S N
245 _aMarketing Management
250 _aLatest edition
260 _bS Chand
_c2024
264 _bS Chand
_c2024
942 _cBK
999 _c396964
_d396964